| 000 | 02215nam a2200493 a 4500 | ||
|---|---|---|---|
| 001 | 000048269 | ||
| 003 | DO-SdBNP | ||
| 005 | 20260313143732.0 | ||
| 007 | ta | ||
| 008 | 181211s20162018dr 000 m spa d | ||
| 020 | _a9789945586602 (obra completa) | ||
| 020 | _a9789945586619 (v. 1) | ||
| 020 | _a9789945908862 (v. 5) | ||
| 020 | _a9789945908879 (v. 6) | ||
| 020 | _a9789945913170 (v. 7) | ||
| 020 | _a9789945913187 (v. 8) | ||
| 040 |
_aDO-SdBNP _bspa _cBNPHU _erda |
||
| 082 | 4 |
_222 _aRD868.3 _bG216ó |
|
| 100 | 1 |
_aGarcía, José Gabriel, _d1834-1910. _926153 _eautor |
|
| 245 | 1 | 0 |
_aObras completas / _cJosé Gabriel García ; presentación Simón Lizardo Mézquita ; introducción Roberto Cassá ; coordinador general Raymundo González. |
| 246 | 1 | 3 | _aObras completas de José Gabriel García |
| 264 | 1 |
_aSanto Domingo : _bBanco de Reservas de la República Dominicana, _c2016. |
|
| 300 |
_a8 volumenes _c27 cm. |
||
| 336 |
_2rdacontent _atexto _btxt |
||
| 337 |
_2rdamedia _asin mediación _bn |
||
| 338 |
_2rdacarrier _avolumen _bnc |
||
| 490 | 1 |
_aArchivo General de la Nación _v262 (v. 1 y 2) _v320 (v. 5) |
|
| 500 | _aIncluye referencias bibliográficas y notas al pie de las páginas | ||
| 500 | _aIncluyen Índices onomásticos | ||
| 500 | _aIncluyen Índices geográficos | ||
| 505 |
_aVolumen 1 -- _gTomos I y II -- _tCompendio de la historia de Santo Domingo / |
||
| 505 |
_aVolumen 5 -- _tMemorias para la historia de Quisqueya -- _tRasgos biográficos de dominicanos célebres -- _tDiccionario geográfico-histórico de la República Dominicana / |
||
| 505 |
_aVolumen 6 -- _tEpistolario |
||
| 505 |
_aVolumen 7 -- _tEpistolario, tomo II -- _tMiscelánea histórica / |
||
| 505 |
_aVolumen 8 -- _tEn torno a José Gabriel García: más de un siglo de valoraciones / |
||
| 590 | _aInventariado, 2019/LP | ||
| 651 | 1 | 4 |
_aRepública Dominicana _xHistoria _9170 |
| 700 | 1 |
_aLizardo Mézquita, Simón, _975703 _epresentación |
|
| 700 | 1 |
_aCassá, Roberto, _d1948- _910888 _eintroducción |
|
| 700 | 1 |
_aGonzález, Raymundo, _ccoordinador _975704 |
|
| 710 | 2 |
_aBanco de Reservas de la República Dominicana _96285 |
|
| 910 | _aValidado. Control de calidad MFF | ||
| 942 |
_2ddc _cLBS1 |
||
| 999 |
_c47757 _d47757 |
||